| 000 | 00000nas 2200000za 4500 |
| 001 | 9.841042 |
| 003 | CaOODSP |
| 005 | 20221107152006 |
| 007 | cr ||||||||||| |
| 008 | 170803d19982000oncar p oss f0###a0eng|d |
| 040 | |aCaOODSP|beng |
| 043 | |an-cn--- |
| 086 | 1 |aCS10-0202E-PDF |
| 245 | 00|aCANSIM matrix directory |h[electronic resource]. |
| 260 | |aOttawa : |bStatistics Canada, |c1998-2000. |
| 310 | |aAnnual |
| 362 | 0 |a1998-2000. |
| 500 | |aIssued also in French under title: CANSIM répertoire des matrices. |
| 692 | 07|2gccst|aStatistics |
| 692 | 07|2gccst|aDatabases |
| 710 | 2 |aStatistics Canada. |
| 775 | 08|tCANSIM répertoire des matrices |w(CaOODSP)9.841043 |
| 986 | |a10F0202XPE |